Statystyki dla Ile wiesz o B.R.O?

Kliknij tutaj aby rozwiązać quiz!

Ogólne statystyki

  • Ten quiz został rozwiązany 28 razy
  • Średni wynik to 6 z 15

Statystyki odpowiedzi

HintOdpowiedź% Poprawnych
Z jakim numerem na koszulce grał?7
76%
Jak ma na imię B.R.O?Kuba
76%
Jak ma na imię jego córkaZosia
62%
W którym roku zdał prawo jazdy2010
57%
Jego najpopularniejszym trackiem jest?Mówiła Mi
57%
Jak nazywa się na instagramie ?browwa
48%
Jego grupa na FB to?Progress Armia
33%
Czego się boi najbardziej ?Węży
33%
Jak nazywa się jego pierwszy *legalny* album?High School
29%
Gdzie był pierwszy raz za granicą ? (kraj)Francja
24%
Jakie było jego pierwsze auto? (marka)Honda
19%
Jaki jest jego ulubiony piłkarz ?Robert Lewandowski
19%
Jego ulubionym piłkarzem już nie grającym jest?Ronaldinho
19%
Jak się nazywa jego Hypeman?(ksywa)Keddi
14%
Do jakiej piosenki zrobił pierwszy bit?Zanim spadnie deszcz
10%

Rozkład punktacji

Percentyl według liczby udzielonych odpowiedzi

Procent ludzi z każdym wynikiem

Twoja historia wyników

Nie rozwiązałeś tego quizu